000 00494nam a2200181Ia 4500
005 20250326130429.0
008 250326s9999 xx 000 0 und d
037 _aTextbook
040 _aFMSL
_beng
_cFMSL
041 _aeng
_2eng
084 _aX:8C P9
_qFMSL
100 _aBanerjee A
_926944
245 0 _aFicial accounting: managerial emphasis
_cBanerjee A
250 _a3
260 _aNew Delhi
_bNew Delhi, Excel
_c2009
942 _cTB
_hX:8C P9
999 _c1282459
_d1282459